[Event "Titled Tuesday intern op 18th Apr Early"]
[Site "Chess.com INT"]
[Date "2023.04.18"]
[Round "9"]
[White "Dixit, Nikhil"]
[Black "Kyaw, Lay Htaik"]
[Result "0-1"]
[WhiteElo "2257"]
[BlackElo "2255"]
[PlyCount "134"]
[EventDate "2023.04.18"]
[EventType "swiss (blitz)"]
[EventRounds "11"]
[EventCountry "USA"]
[SourceTitle "EXT 2024"]
[Source "ChessBase"]
[SourceDate "2023.10.10"]
[SourceVersion "1"]
[SourceVersionDate "2023.10.10"]
[SourceQuality "1"]

1. e4 c5 2. Nf3 Nc6 3. Bb5 g6 4. Bxc6 bxc6 5. 0-0 Bg7 6. d3 d6 7. Nbd2 Nh6 8. Nc4 0-0 9. h3 f6 10. Rb1 Nf7 11. b3 Be6 12. a4 Ne5 13. Ncxe5 fxe5 14. Ng5 Bd7 15. Be3 h6 16. Nf3 Qe8 17. Nd2 g5 18. g4 Qg6 19. Re1 Rf7 20. Nf1 Raf8 21. Ng3 Rf3 22. Kg2 R3f7 23. Nf5 h5 24. gxh5 Qf6 25. Qg4 Bxf5 26. exf5 Qxf5 27. Qxf5 Rxf5 28. b4 cxb4 29. Rxb4 Kf7 30. Rb7 a5 31. Reb1 d5 32. Ra7 d4 33. Bd2 Ke6 34. Be1 e4 35. dxe4 Rc5 36. Rxa5 Rxc2 37. Rxg5 Be5 38. Rg6+ Bf6 39. a5 Ra2 40. Rb6 d3 41. Rxc6+ Kd7 42. Rc5 e6 43. h6 d2 44. Bxd2 Rxd2 45. h7 Bd4 46. Rb5 Rfxf2+ 47. Kg3 Rg2+ 48. Kh4 Rxg6 49. Rb7+ Kc6 50. Kh5 Rdg2 51. h4 R6g3 52. Rf7 Ra3 53. a6 Rxa6 54. e5 Bxe5 55. Re7 Ra5 56. Rxe6+ Kd7 57. Rg6 Bg7+ 58. Rg5 Raxg5+ 59. hxg5 Ke6 60. Kg6 Bh8 61. Kh5 Kf5 62. Kh4 Rxg5 63. Kh3 Kf4 64. Kh4 Bf6 65. Kh3 Kf3 66. Kh4 Rf5+ 67. Kh3 Rh5# 0-1

[Event "Titled Tuesday intern op 18th Apr Early"]
[Site "Chess.com INT"]
[Date "2023.04.18"]
[Round "3"]
[White "Kyaw, Lay Htaik"]
[Black "Aaditya, Dhingra"]
[Result "0-1"]
[WhiteElo "2255"]
[BlackElo "2065"]
[PlyCount "54"]
[EventDate "2023.04.18"]
[EventType "swiss (blitz)"]
[EventRounds "11"]
[EventCountry "USA"]
[SourceTitle "EXT 2024"]
[Source "ChessBase"]
[SourceDate "2023.10.10"]
[SourceVersion "1"]
[SourceVersionDate "2023.10.10"]
[SourceQuality "1"]

1. d4 Nf6 2. Nf3 d5 3. Bf4 c5 4. e3 Nc6 5. c3 Qb6 6. Qc2 g6 7. Nbd2 Bf5 8. dxc5 Qxc5 9. Qb3 Qb6 10. Qxb6 axb6 11. Bb5 Nd7 12. 0-0 Bg7 13. Nd4 e5 14. Nxf5 gxf5 15. Bg3 0-0 16. a4 Nc5 17. Rad1 Nxa4 18. Nf3 Rfd8 19. Ra1 Nxb2 20. Rxa8 Rxa8 21. Bxc6 bxc6 22. Nxe5 Bxe5 23. Bxe5 Nc4 24. Bc7 Ra7 25. Bd8 Kg7 26. Rb1 f6 27. Rb4 Ra1+ 0-1

[Event "Titled Tuesday intern op 18th Apr Early"]
[Site "Chess.com INT"]
[Date "2023.04.18"]
[Round "2"]
[White "Shuvalova, Polina"]
[Black "Kyaw, Lay Htaik"]
[Result "1/2-1/2"]
[WhiteElo "2475"]
[BlackElo "2255"]
[PlyCount "229"]
[EventDate "2023.04.18"]
[EventType "swiss (blitz)"]
[EventRounds "11"]
[EventCountry "USA"]
[SourceTitle "EXT 2024"]
[Source "ChessBase"]
[SourceDate "2023.10.10"]
[SourceVersion "1"]
[SourceVersionDate "2023.10.10"]
[SourceQuality "1"]

1. e4 c5 2. Nf3 Nc6 3. c3 Nf6 4. Bd3 g6 5. 0-0 Bg7 6. Re1 e5 7. a4 0-0 8. Na3 h6 9. Bc2 Re8 10. Nc4 d6 11. h3 Rb8 12. d3 d5 13. exd5 Nxd5 14. Be3 Nxe3 15. Rxe3 f6 16. d4 cxd4 17. cxd4 exd4 18. Rxe8+ Qxe8 19. Nxd4 Nxd4 20. Qxd4 Be6 21. Nd6 f5 22. Qxa7 Qd8 23. Rd1 Qc7 24. Nb5 Qe5 25. Qb6 Bf7 26. Nd6 Qxb2 27. Qc7 Rf8 28. Nxf7 Rxf7 29. Qc4 Qc3 30. Rd8+ Kh7 31. Qxc3 Bxc3 32. Bb3 Re7 33. g3 b6 34. h4 g5 35. h5 Kg7 36. Kg2 Bb4 37. Rd5 Kf6 38. Bc2 Re5 39. Rd7 Bc5 40. Bd3 Ke6 41. Rh7 Bf8 42. Rb7 Bc5 43. Rh7 Bf8 44. Bc4+ Kd6 45. Rf7 Be7 46. Bd3 Ke6 47. Rg7 f4 48. Rg6+ Bf6 49. Rxh6 fxg3 50. fxg3 Re3 51. Bc4+ Kf5 52. Rh7 Be5 53. Rf7+ Ke4 54. h6 Rxg3+ 55. Kf2 Rh3 56. h7 Bd4+ 57. Kg2 Rh4 58. Bb3 Kd3 59. Ba2 Kc3 60. Bb1 Kb4 61. Ra7 b5 62. Rb7 Kxa4 63. Bc2+ Kb4 64. Bd3 Kc3 65. Bxb5 Kd2 66. Re7 Kc3 67. Bc6 Kc4 68. Be4 Bc3 69. Bf5 Kd4 70. Kg3 Kc5 71. Bg6 Kd6 72. Re2 Be5+ 73. Kg2 Ke6 74. Kf3 Kf6 75. Bc2 Rh3+ 76. Ke4 Rh4+ 77. Kd5 Rd4+ 78. Kc5 Rd8 79. Rf2+ Kg7 80. Rg2 Bf4 81. Be4 Re8 82. Kd5 Re5+ 83. Kd4 Re8 84. Kd3 Rd8+ 85. Kc4 Re8 86. Kd5 Re5+ 87. Kd4 Re8 88. Ra2 Rd8+ 89. Kc4 Re8 90. Ra7+ Kh8 91. Bf5 Rf8 92. Bg6 g4 93. Kd5 g3 94. Be4 Be3 95. Ra2 Bf2 96. Ra1 Rd8+ 97. Kc6 Re8 98. Bg2 Kxh7 99. Rh1+ Kg6 100. Kd5 Kg5 101. Rh7 Kf4 102. Rf7+ Ke3 103. Kd6 Rd8+ 104. Rd7 Rxd7+ 105. Kxd7 Be1 106. Bb7 Kf2 107. Ke6 Ke3 108. Kf5 Bf2 109. Kg4 Be1 110. Kh3 Bf2 111. Bg2 Be1 112. Bh1 Bf2 113. Bg2 Be1 114. Bh1 Bf2 115. Bg2 1/2-1/2

[Event "Titled Tuesday intern op 06th Dec Early"]
[Site "Chess.com INT"]
[Date "2022.12.06"]
[Round "3"]
[White "Tarnowska, Aleksandra"]
[Black "Kyaw, Lay Htaik"]
[Result "0-1"]
[WhiteElo "1835"]
[BlackElo "2255"]
[PlyCount "146"]
[EventDate "2022.12.06"]
[EventType "swiss (blitz)"]
[EventRounds "11"]
[EventCountry "USA"]
[SourceTitle "CBM 211 Extra"]
[Source "ChessBase"]
[SourceDate "2023.01.31"]
[SourceVersion "1"]
[SourceVersionDate "2023.01.31"]
[SourceQuality "1"]

1. e4 c5 2. Nf3 Nc6 3. Bb5 g6 4. 0-0 Bg7 5. c3 Nh6 6. d4 cxd4 7. cxd4 Qb6 8. Bxc6 bxc6 9. Nc3 0-0 10. Na4 Qc7 11. h3 d6 12. Bf4 f6 13. Qd2 Nf7 14. Rac1 a5 15. d5 c5 16. Rxc5 Qd8 17. Rc2 Bd7 18. Nc3 a4 19. Rfc1 Qa5 20. Nd4 Ne5 21. Bxe5 fxe5 22. Nc6 Bxc6 23. dxc6 Rac8 24. Nd5 Qa7 25. c7 Bf6 26. Qd3 Bg5 27. Rf1 e6 28. Nb4 Rxc7 29. Qxd6 Rxc2 30. Nxc2 Kf7 31. Qxe5 Bf6 32. Qf4 Kg7 33. Ne3 Bxb2 34. Qg4 Qf7 35. Kh1 Bd4 36. f3 Bxe3 37. Qg3 Qf6 38. Qc7+ Rf7 39. Qc4 Qg5 40. Qxa4 Bf4 41. Qb3 Qg3 42. Kg1 Qh2+ 43. Kf2 Bg3+ 44. Ke3 Qxg2 45. Qc3+ e5 46. Rd1 Qf2+ 47. Kd3 Rd7+ 48. Kc4 Rc7+ 49. Kb3 Rxc3+ 50. Kxc3 Qxf3+ 51. Kc2 Qxe4+ 52. Rd3 Qa4+ 53. Kd2 Qxa2+ 54. Ke3 Qa7+ 55. Ke4 Qd4+ 56. Rxd4 exd4 57. Kxd4 Kf6 58. Ke3 h5 59. Kf3 Bc7 60. Ke4 g5 61. Kf3 Kf5 62. Kf2 Kf4 63. h4 g4 64. Kg2 Ke3 65. Kf1 Kf3 66. Kg1 Kg3 67. Kh1 Kxh4 68. Kg1 Kg3 69. Kh1 h4 70. Kg1 Kh3 71. Kh1 g3 72. Kg1 Bb6+ 73. Kh1 g2# 0-1

[Event "Pattaya op"]
[Site "Pattaya"]
[Date "2019.10.24"]
[Round "2"]
[White "Kyaw, Lay Htaik"]
[Black "Mustonen, Ilkka"]
[Result "1-0"]
[WhiteElo "2343"]
[BlackElo "2053"]
[PlyCount "87"]
[EventDate "2019.10.23"]
[EventType "swiss"]
[EventRounds "9"]
[EventCountry "THA"]
[SourceTitle "CBM 195 Extra"]
[Source "ChessBase"]
[SourceDate "2020.05.31"]
[SourceVersion "1"]
[SourceVersionDate "2020.05.31"]
[SourceQuality "1"]

1. d4 d5 2. Nf3 Nf6 3. Bf4 c5 4. e3 cxd4 5. exd4 Nc6 6. c3 a6 7. Nbd2 Bg4 8. h3 Bh5 9. Qb3 Ra7 10. Bd3 e6 11. 0-0 Bd6 12. Bg5 0-0 13. Rae1 Be7 14. Ne5 Nxe5 15. Rxe5 Bg6 16. Bxg6 hxg6 17. Rfe1 Bd6 18. R5e3 Qc7 19. g4 Bf4 20. Bxf4 Qxf4 21. Qb6 Raa8 22. R1e2 Rac8 23. Nf3 Qc7 24. Qb4 a5 25. Qa4 Ne4 26. Ne5 Nd6 27. h4 b5 28. Qd1 Nc4 29. Rh3 Nxe5 30. Rxe5 b4 31. h5 bxc3 32. bxc3 Rb8 33. Qd3 Qb6 34. Re1 gxh5 35. Rxh5 g6 36. Rh6 Kg7 37. g5 Rh8 38. Qg3 Rxh6 39. Qe5+ Kh7 40. gxh6 Rg8 41. Qf6 Qb7 42. Re5 Kxh6 43. Re3 Qb1+ 44. Kg2 1-0